LEADER 01307nam a2200277 i 4500 001 000000247633 003 CaOOAMICUS 005 20250131142927.0 008 160126s1777 it u000 u ita u 013 $a226538 026 $auaon inte o,a, Ilpi (3) 1777 (R) 040 $aSeMil$bita 100 1 $aFrançois : de Sales,$c.$0(OLS)http://semarc/name/1031 245 10$aMassime dottrinali fedelmente raccolte dalle opere di San Francesco di Sales da un canonico della Cattedrale di Verona; .. 250 $aEditio novissima da molti errori espurgata. Terza edizione. 260 $aIn Pavia :$bPer gli Eredi Ghidini,$c1777. 300 $aVIII, 223, [1] ;$c4°. 500 $aIniz., fregi xilogr. 500 $aSegn.: *4 A-O8 600 04$aFrancesco : di Sales .$0(OLS)http://semarc/subject/787 710 2 $aGhidini eredi$c.$0(OLS)http://semarc/name/55524 850 $aSeMil 852 $aSeMil$W1$xVenegono$y1$m3H IV 55 FA$j197979$B197979$CSeMilBibl$Z2$F209227 $8I 996 $6245$aMassime dottrinali fedelmente raccolte dalle opere di San Francesco di Sales da un canonico della Cattedrale di Verona; ..$9(OLS)http://semarc/title/349637 996 $6260$aIn Pavia :$bPer gli Eredi Ghidini$9(OLS)http://semarc/publisher/46961 LEADER 01180nam a2200229 i 4500 001 000000197283 003 CaOOAMICUS 005 20250318143212.0 008 110209s1980 it u000 u ita u 040 $aSeMil$bita 245 03$aLa storia contemporanea negli archivi lombardi :$bun'indagine campione /$c[a cura di] Regione Lombardia, Assessorato alla Cultura e agli Enti locali. 264 1$aMilano :$bRegione Lombardia,$c1980. 300 $aVI, 336 p. ;$c20 cm. 490 1 $aQuaderni di documentazione regionale. Nuova serie ;$v9 650 4$aLombardia - Archivi.$0(OLS)http://semarc/subject/57318 710 2 $aLombardia : Assessorato agli Enti Locali e alla Cultura.$0(OLS)http://semarc/name/23774 830 0$aQuaderni di documentazione regionale. Nuova serie ;$v9.$0(OLS)http://semarc/title/32646 850 $aSeMil 852 $aSeMil$W1$xVenegono$y1$m3M I 387$j255308$B147842$CSeMilBibl$Z2$F159331 $81 996 $6245$aLa storia contemporanea negli archivi lombardi :$bun'indagine campione$9(OLS)http://semarc/title/284842 996 $6264$aMilano :$bRegione Lombardia$9(OLS)http://semarc/publisher/30334